| 000 | 00576 a2200169 4500 | ||
|---|---|---|---|
| 020 | _a0918024773 | ||
| 020 | _a9780918024770 | ||
| 082 | _a530 | ||
| 090 |
_c1082 _d1082 |
||
| 100 | 1 | _aGibbs, J. Willard. | |
| 245 | 1 | 4 |
_aThe scientific papers of J. willard gibbs. _nVol. 1 : _bthermodynamics / _cJ. Willard Gibbs. |
| 260 |
_a[S.l.] : _bOx Bow Pr, _c1993. |
||
| 300 |
_a1 p. ; _c23 cm. |
||
| 700 | _aGibbs, J. Willard. | ||
| 942 |
_aSNS _cBK _k530 GIB |
||
| 999 |
_c29699 _d29699 |
||